000 009280000a22001930004500
041 0 _aSPA
082 0 4 _aG 109.005 F143c
110 1 _aUniv. Santo Tomás
245 1 0 _aCuaderno de filosofía latinoamericana / Universidad Santo Tomás
260 _aBogotá, Colombia : Univ. Santo Tomás
300 _a82 Pag.
505 0 0 _amomentos y corrientes del pensamiento humanista durante la época de la colonia hispanoamericana: renacimiento, barroco e ilustración -- la iglesia granadina y la santa sede ante la revolución de independencia -- la palabra y el hombre. la literatura como testimonio de los procesos históricos -- Hans Kelsen y su influjo en el pensamiento jurídico colombiano -- Víctor Frankl (1900 - 1982)
650 1 4 _aFILOSOFIA - HISTORIA - AMERICA LATINA
001 981
942 _cBK
999 _c32362
_d32362
336 _atexto
_btxt
_2rdacontent
337 _2rdamedia
_asin mediación
_bn
338 _2rdacarrier
_avolumen
_bnc